Guess the One Direction song with no hints #7 - Statistics

General Stats
  • This quiz has been taken 2,621 times
  • The average score is 322 of 465
Answer Stats
Answer % Correct
I
99%
you
98%
You
98%
a
97%
When
90%
when
90%
and
89%
And
89%
me,
89%
me
89%
The
89%
the
89%
Love
87%
love
87%
love,
87%
do
82%
to
81%
want
80%
want,
80%
your
80%
be
79%
on
79%
that
79%
Is
78%
no
78%
who
77%
what
75%
know
73%
Know
73%
of
72%
can
71%
she
71%
She
71%
"You're
70%
You're
70%
All
69%
if
68%
If
68%
one
68%
for
67%
her
67%
her,
67%
my
67%
say
67%
Then
67%
at
65%
At
65%
(at
65%
baby"
65%
Oh,
65%
oh,
65%
oh
65%
day
64%
day)
64%
day,
64%
end
64%
in
64%
not
64%
there
62%
was
61%
heart,
60%
it's
60%
down
59%
down,
59%
girl,
59%
Just
59%
way
58%
But,
56%
loved
55%
said,
55%
said
55%
fire,
54%
told
54%
moon
53%
night
53%
sure
53%
word
52%
didn't
51%
even
51%
other
51%
break
50%
follow
50%
heard
50%
nothing
49%
pretty
49%
though
49%
will
49%
windy,
49%
only
48%
Party
48%
roof
48%
sometimes
48%
from
47%
downstairs,
46%
I've
46%
left
46%
there's
46%
up
46%
something
45%
came
44%
it'll
44%
mistakes
44%
ain't
43%
million
42%
frightening
41%
lightning
41%
over,
41%
sun
41%
yeah)
41%
forever
39%
goes
39%
had
39%
dying
38%
keep
38%
alright
37%
everything
37%
stay
37%
devil,
36%
flu
36%
learned
36%
thinks
36%
20
35%
hospital
35%
later,
35%
minutes
35%
dreaming
34%
priest
34%
awake
32%
sleeping
32%
mum
31%
city's
29%
wound
25%
Chorus
21%
Bridge
18%
No matching quizzes found
Score Distribution
Percent of People with Each Score
Percentile by Number Answered
Your Score History
You have not taken this quiz